Ríos del País Vasco - Estadísticas

Estadísticas generales
  • Esta prueba ha sido intentada 219 veces
  • La puntuación promedio es 6 de 22
Estadísticas de respuestas
Hint Respuesta % Correcto
. Bidasoa
69%
. Urumea
65%
. Deba
61%
. Oria
55%
. Ibaizabal
40%
. Urola
39%
. Nerbioi
36%
. Lea
34%
. Zadorra
34%
. Artibai
32%
. Kadagua
24%
. Oka
19%
. Oiartzun
17%
. Barbadun
13%
. Butroe
13%
. Baia
12%
. Ega
11%
. Omecillo
9%
. Asua
7%
. Inglares
5%
. Karrantza
4%
. Agüera
3%
No se encontraron pruebas coincidentes
Distribución de puntuación
Porcentaje de gente con cada puntuación
Porcentaje por número respondido
Historial de tus puntuaciones
No has intentado esta prueba.